000 00423nam a2200157 4500
001 143597
003 ES-MaACL
005 20230906200843.0
007 t|
008 070214s1932 po r ||||1| por d
100 1 _aSergio, Octavio.
_9105547
245 1 0 _aA vida e a morte
_b: (album de desenhos) /
_cOctavio Sergio.
260 _aPorto :
_bMaranus,
_c1932.
300 _a44 p. ;
_c32 cm.
852 _aES-MaACL
_j1694-F-7
999 _c143597
_d143597